000 00419nam a22001697a 4500
005 20180201165312.0
008 160523b xxu||||| |||| 00| 0 eng d
020 _a978-81-203-2175-5
041 _aeng
082 _b4408
_a004.6
100 _aTanenbaum A.S.
_91079
245 _acomputer Networks
260 _aNew Delhi
_bAcademic Faundation
300 _a891
650 _aInformation Technology
_9137
942 _cBK
999 _c1470
_d1470